Современная наука: теория и проблемы практического применения. Ч. 2 (Запись № 12040628)
[ простой вид ]
| 000 -МАРКЕР | |
|---|---|
| контрольное поле | 02047nam2a2200301 4500 |
| 001 - ИДЕНТИФИКАТОР ЗАПИСИ | |
| контрольное поле | RU\NLR\BIBL_A\011509955 |
| 005 - ИДЕНТИФИКАТОР ВЕРСИИ | |
| контрольное поле | 20250626082332.0 |
| 010 ## - МЕЖДУНАРОДНЫЙ СТАНДАРТНЫЙ НОМЕР КНИГИ (ISBN) | |
| Номер (ISBN) | 978-5-87818-529-5 |
| 021 ## - НОМЕР ГОСУДАРСТВЕННОЙ РЕГИСТРАЦИИ | |
| Код страны | Российская Федерация |
| Номер | 2017-75209 |
| Номер Листа государственной регистраци | 5358 |
| 035 ## - ДРУГИЕ СИСТЕМНЫЕ НОМЕРА | |
| Идентификатор записи | (RuMoRGB)009411897 |
| 035 ## - ДРУГИЕ СИСТЕМНЫЕ НОМЕРА | |
| Идентификатор записи | (NLR Aleph) 011509955 |
| 100 ## - ДАННЫЕ ОБЩЕЙ ОБРАБОТКИ | |
| Данные общей обработки | 20171030d2017 |||y0rusy50 ca |
| 101 0# - ЯЗЫК РЕСУРСА | |
| Язык текста, звукозаписи и т.д. | русский |
| -- | английский |
| 102 ## - СТРАНА ПУБЛИКАЦИИ ИЛИ ПРОИЗВОДСТВА | |
| Страна публикации | Российская Федерация |
| 105 ## - ПОЛЕ КОДИРОВАННЫХ ДАННЫХ: ТЕКСТОВЫЕ МАТЕРИАЛЫ, МОНОГРАФИЧЕСКИЕ | |
| Кодированные данные о монографическом текстовом документе | y z 100zy |
| 200 0# - ЗАГЛАВИЕ И СВЕДЕНИЯ ОБ ОТВЕТСТВЕННОСТИ | |
| Основное заглавие | Ч. 2 |
| 215 ## - ФИЗИЧЕСКАЯ ХАРАКТЕРИСТИКА | |
| Специфическое обозначение материала и объем | 254 c. |
| 461 #0 - УРОВЕНЬ НАБОРА | |
| Встроенное поле | 001RU\NLR\BIBL_A\011509936 |
| -- | 2001#$aСовременная наука: теория и проблемы практического применения$eматериалы всероссийской студенческой очно-заочной научно-практической конференции с международным участием$e[в 3 частях$fответственный редактор: канд. пед. наук, доцент О.В. Крежевских]$vЧ. 2 |
| Системный номер (АБИС) связанной записи | 12040511 |
| Место публикации | Шадринск |
| Дата публикации | 2017 |
| Первые сведения об ответственности | ответственный редактор: канд. пед. наук, доцент О.В. Крежевских] |
| Имя издателя, распространителя и т.д. | ФГБОУ ВО "Шадринский государственный педагогический университет" |
| Сведения, относящиеся к заглавию | материалы всероссийской студенческой очно-заочной научно-практической конференции с международным участием : [в 3 частях |
| Физическая характеристика | 29 |
| Заглавие | Современная наука: теория и проблемы практического применения |
| Номер тома | Ч. 2 |
| 606 1# - НАИМЕНОВАНИЕ ТЕМЫ КАК ПРЕДМЕТ | |
| Наименование темы | Иностранные языки |
| Формальный подзаголовок | Съезды, совещания и т.п |
| Тематический подзаголовок | Преподавание |
| Системный номер авторитетной/нормативной записи | 1409738 |
| Идентификатор авторитетной/нормативной записи | RU\NLR\AUTH\66282140 |
| 606 1# - НАИМЕНОВАНИЕ ТЕМЫ КАК ПРЕДМЕТ | |
| Наименование темы | Языкознание |
| Формальный подзаголовок | Съезды, совещания и т.п |
| Системный номер авторитетной/нормативной записи | 911558 |
| Идентификатор авторитетной/нормативной записи | RU\NLR\AUTH\6613279 |
| 686 1# - ИНДЕКСЫ ДРУГИХ КЛАССИФИКАЦИЙ | |
| Индекс | Ч426.17(2)я431 |
| 686 1# - ИНДЕКСЫ ДРУГИХ КЛАССИФИКАЦИЙ | |
| Индекс | Ч486.17(2)я431 |
| 686 1# - ИНДЕКСЫ ДРУГИХ КЛАССИФИКАЦИЙ | |
| Индекс | Ш1я431 |
| 942 ## - ДОПОЛНИТЕЛЬНЫЕ ЭЛЕМЕНТЫ ЗАПИСИ (АБИС) | |
| Тип экземпляра АБИС | Книга |
| 980 ## - КОЛЛЕКЦИЯ | |
| Название коллекции | Национальная библиография |
| Тип экземпляра | Дата поступления | Источник поступления | Библиотека постоянного хранения | Библиотека текущего хранения | Место хранения | Шифр хранения | Штрих-код | Статус экземпляра |
|---|---|---|---|---|---|---|---|---|
| Книга | 30.10.2017 | Обязательный экземпляр | РНБ (Московский) | РНБ (Московский) | Русский книжный фонд: издания с 1957 года | 2017-8/3397 | 1-2050430 | |
| Книга | 30.10.2017 | Обязательный экземпляр | РНБ (Московский) | РНБ (Московский) | Русский книжный фонд: издания с 1957 года | 2017-8/3397 | 1-2050431 |